000
00236nam a2200097Ia 4500
001
640760
005
20250826153453.0
008
250824s9999 xx 000 0 und d
245
0
_a
NEŞELİ PORTAKAL
_c
ROBERT ALLEN
260
_b
GENÇ TİMAŞ
999
_c
640760
_d
640760